| 000 | 00992cam a22002773a 4500 | ||
|---|---|---|---|
| 001 | 243 | ||
| 003 | PGUSA | ||
| 005 | 20140828082945.0 | ||
| 008 | 060315s2006||||xxu|||||s|||||000 1 eng d | ||
| 040 |
_aPGUSA _beng |
||
| 042 | _adc | ||
| 050 | 4 | _aPG | |
| 100 | 1 |
_aTolstoy, Leo, graf, _d1828-1910 |
|
| 245 | 1 | 4 |
_aThe Forged Coupon, and other stories _h[electronic resource] / _cLeo, graf Tolstoy |
| 260 |
_bProject Gutenberg, _c2006 |
||
| 500 | _aTranslation of: Falshivyi kupon | ||
| 505 | 0 | _aThe forged coupon -- After the dance -- Alyosha the Pot -- My dream -- There are no guilty people -- The young Tsar. | |
| 506 | _aPublic domain in the USA. | ||
| 516 | _aElectronic text | ||
| 653 | _aShort stories, Russian -- Translations into English | ||
| 653 | _aTolstoy, Leo, graf, 1828-1910 -- Translations into English | ||
| 653 | _aRussian fiction -- Translations into English | ||
| 830 | 0 |
_aProject Gutenberg _v243 |
|
| 856 | 4 | 0 | _uhttp://www.gutenberg.org/ebooks/243 |
| 942 | _cEB | ||
| 999 |
_c229596 _d229596 |
||